000 00494nam a2200181Ia 4500
003 GCL
008 140319s9999 xx 000 0 eng d
040 _aGCL /
_cGCL
082 0 4 _a746.6
_bp w
100 1 _aPEOPLE'S ART PUBLISHING
245 1 0 _aWAX-DYEING DESIGNS OF KWEICHOW PROVINCE CHINA /
_cPEOPLE'S ART PUBLISHING
260 _a[S.N] :
_bTHE PEOPL'S ART PUBLISHING HOUSE ،
_c1956
300 _a38 P
650 0 4 _aART, CHINA
650 0 4 _aARTS
650 0 4 _aDESIGN
942 _2ddc
_cBK
999 _c19421
_d19421